000 00341nam a22001337a 4500
005 20230722115233.0
008 230722b ||||| |||| 00| 0 eng d
040 _cAL
082 _219
_a362.30
_bMUKG
100 _aMukhopadhyay A
_9128136
245 _aGiving away so much for a little
260 _aNew Delhi
_bVHAI
_c2008
942 _2ddc
_cBK
999 _c228084
_d228084